Zawodnicy z największą liczbą występów w kadrach drużyn Euro 2024 - Statystyki

Ogólne statystyki
  • Ten quiz został rozwiązany 90 razy
  • Średni wynik to 13 z 24
Statystyki odpowiedzi
Kraj Pozycja Występy Zawodnik % Poprawnych
Polska N 148 Robert Lewandowski
96%
Portugalia N 206 Cristiano Ronaldo
91%
Chorwacja ŚP 174 Luka Modric
91%
Niemcy ŚPO 128 Thomas Muller
86%
Anglia N 89 Harry Kane
83%
Włochy BR 61 Gianluigi Donnarumma
82%
Hiszpania N 71 Alvaro Morata
78%
Francja N 131 Olivier Giroud
73%
Szwajcaria ŚP 123 Granit Xhaka
65%
Austria N 111 Marko Arnautovic
60%
Czechy ŚPD 68 Tomas Soucek
60%
Dania ŚO 131 Simon Kjaer
59%
Belgia ŚO 154 Jan Vertonghen
51%
Albania PO 84 Elseid Hysaj
47%
Turcja ŚPO 84 Hakan Calhanoglu
45%
Serbia ŚPO 106 Dusan Tadic
44%
Holandia ŚO 106 Daley Blind
35%
Rumunia ŚPO 68 Nicolae Stanciu
35%
Ukraina PS 116 Andrij Jarmołenko
29%
Słowacja PO 125 Peter Pekarik
23%
Węgry ŚPD 79 Adam Nagy
15%
Szkocja BR 74 Craig Gordon
9%
Gruzja ŚO 112 Guram Kashia
8%
Słowenia ŚP 90 Jasmin Kurtic
1%
Nie znaleziono quizów pasujących do podanych kryteriów
Rozkład punktacji
Procent ludzi z każdym wynikiem
Percentyl według liczby udzielonych odpowiedzi
Twoja historia wyników
Nie rozwiązałeś tego quizu